Stray Kids Songs Alphabet - Statistics

General Stats
  • This quiz has been taken 227 times
    58 since last reset
  • The average score is 18 of 22
Answer Stats
Hint Answer % Correct
C Cheese/ Charmer/ Chronosaurus/ CALL/ Case 143/ Chk Chk Boom/ Cover me/ Circus/ Come play/ Christmas evel/ Christmas Love/ Cinema/ Comflex/ Chill/ Ceremony
100%
B Back Door/ B Me/ Battle Ground/ Boxer/ Butterflies/ Booster/ Brunin' Tires/ Blind Spot/ Blueprint/ Bounce back/ Bleep
96%
G God's menu/ Giant/ Get cool/ Give me your TMI/ Get lit/ Gone away/ Going dumb/ Grow up/ Ghost
96%
H Hollow/ Hellevator/ Hold my hand/ Hall of fame/ Hallucination/ Haven/ Holiday/ Half Time
93%
L Lose my breath/ Lalalala/ Levanter/ Lonely St./ Love is painful/ Leave
93%
M Megaverse/ Maniac/ Miroh/ Moutains/ My pace/ Maze of memories/ Maknae on top/ Muddy water
93%
D District 9/ DLMLU/ Domino/ Double Knot/ Drive/ Do it/ Divine
91%
T Thunderous/ Truman/ Topline/ Taste/ Twilight/ TA/ The Tortoise and the Hare/ The view/ The sound/ TOP
89%
A Awaken/ Astronaut/ Any/ As we are/ All in
87%
S Stray Kids/ S class/ Social path/ Super bowl/ Sorry, i love you/ Silent cry/ Surfin'/ Side effects/ So good/ Slash/ Secret secret/ Scars/ Slump
87%
I I like it/ I am you/ ITEM/ Insomnia/ In My Head
82%
R Red light/ Railway/ Runners/ Road not taken/ Run/ Rock
82%
W Walking on water/ Winter falls/ WOW/ Wolfgang/ Why ?/ Waiting for us
80%
F Falling up/ Freeze/ Fnf/ Fam
78%
E Easy/ Ex/ Escape/ Elevator
76%
J Jjam/ Just a little
76%
V Venom/ Voices/ Victory song
76%
Y Youth/ Youtiful/ Yayaya/ Your eyes/ You can stay
76%
P Parade/ Phobia/ Pacemaker/ Placebo/ Piece of a puzzle/ Pheonix/ Photobook
67%
U Unfair/ Ultra/ Untilted
64%
N Night/ Neverending Story/ Never alone
60%
O Oh/ On track
47%
No matching quizzes found
Score Distribution
Percent of People with Each Score
Percentile by Number Answered
Your Score History
You have not taken this quiz since the last reset